[Event "Open Olomouc 2009"]
[Site "Olomouc (CZE)"]
[Date "2009.08.08"]
[Round "3.9"]
[White "Bigg, Andrew"]
[Black "Strekalovski, Viktor"]
[Result "1-0"]
[WhiteElo "2289"]
[BlackElo "2147"]
[PlyCount "95"]
[EventDate "2009.08.06"]

1. d4 c6 2. Nf3 Qc7 3. c4 d6 4. Nc3 e5 5. e4 Bg4 6. d5 Be7 7. Be2 Bh5 8. O-O h6
9. Ne1 Bg6 10. Nd3 Nf6 11. f3 Nbd7 12. Be3 O-O 13. Rc1 c5 14. a3 Rfe8 15. b4 b6
16. Qa4 a6 17. Qb3 Reb8 18. Rb1 Qd8 19. Qc2 Ne8 20. g3 Bg5 21. Bf2 Nc7 22. Rb2
Qf8 23. Rfb1 Be7 24. bxc5 dxc5 25. f4 Bd6 26. f5 Bh7 27. Ne1 Qd8 28. Nf3 Ne8
29. g4 Bc7 30. Kh1 f6 31. h4 Nd6 32. Rg1 g5 33. fxg6 Bxg6 34. Rbb1 b5 35. g5
bxc4 36. gxh6 Rxb1 37. Qxb1 Kh7 38. h5 Bxh5 39. Rg7+ Kh8 40. Nh4 Bf7 41. Qg1
Qg8 42. Rxg8+ Rxg8 43. Qh2 Ba5 44. Qh3 Be8 45. Qe6 Nf7 46. Nd1 Bd2 47. Bxc4 Ng5
48. Qf5 1-0

[Event "Open Olomouc 2009"]
[Site "Olomouc (CZE)"]
[Date "2009.08.08"]
[Round "3.10"]
[White "Ptacnikova, Lenka"]
[Black "Van Den Dikkenberg, Erik"]
[Result "1-0"]
[WhiteElo "2258"]
[BlackElo "2107"]
[PlyCount "151"]
[EventDate "2009.08.06"]

1. e4 c5 2. Nc3 d6 3. Nge2 Nf6 4. g3 g6 5. Bg2 Bg7 6. d4 cxd4 7. Nxd4 O-O 8.
O-O Bg4 9. Nde2 Nc6 10. h3 Be6 11. Nd5 Rc8 12. Bg5 Bxd5 13. exd5 Ne5 14. b3 Qa5
15. c3 Rfe8 16. Be3 Ned7 17. Rc1 a6 18. Rc2 Qc7 19. Rd2 Nc5 20. c4 Qa5 21. Qb1
Qc7 22. Nd4 Ncd7 23. Re1 Nc5 24. Rde2 e5 25. dxe6 fxe6 26. Bg5 e5 27. Nc2 Ncd7
28. Nb4 Kh8 29. Rd1 a5 30. Nd5 Nxd5 31. Bxd5 Nc5 32. Red2 Ne6 33. Bxe6 Rxe6 34.
Rd5 Bf8 35. Qe4 b6 36. Qg4 Rce8 37. Rb5 h5 38. Qe4 Rb8 39. Be3 Rf6 40. f4 Bg7
41. fxe5 dxe5 42. Rxe5 Rff8 43. Bf4 Rxf4 44. gxf4 Bxe5 45. Qxe5+ Qxe5 46. fxe5
Re8 47. Rd5 Kg7 48. Kg2 Kf7 49. Kf3 Ke7 50. Rd6 Rf8+ 51. Kg3 Rf1 52. Rxb6 g5
53. Ra6 Rg1+ 54. Kf2 Rh1 55. Kg2 Rb1 56. Rxa5 Ke6 57. Kf3 Rf1+ 58. Ke4 Re1+ 59.
Kd4 Rd1+ 60. Ke4 Re1+ 61. Kf3 Rh1 62. Kg2 Rc1 63. Ra8 Rc2+ 64. Kf3 Kf5 65. Re8
Rc3+ 66. Ke2 Rxh3 67. c5 Rh2+ 68. Kd3 Rxa2 69. c6 Ra7 70. b4 h4 71. b5 h3 72.
Rh8 Kxe5 73. b6 Ra3+ 74. Kc4 Ra1 75. b7 Rc1+ 76. Kd3 1-0

[Event "Open Olomouc 2009"]
[Site "Olomouc (CZE)"]
[Date "2009.08.08"]
[Round "3.11"]
[White "Faerman, Igor"]
[Black "Kosin, Jens"]
[Result "1/2-1/2"]
[WhiteElo "2249"]
[BlackElo "2092"]
[PlyCount "45"]
[EventDate "2009.08.06"]

1. d4 d5 2. Nf3 Nf6 3. Bf4 e6 4. e3 Bd6 5. Bg3 O-O 6. Bd3 Ne4 7. c4 f5 8. Nc3
c6 9. Bxd6 Qxd6 10. Ne5 Nd7 11. Nxd7 Bxd7 12. f4 c5 13. cxd5 Nxc3 14. bxc3 Qxd5
15. O-O Bc6 16. Rf2 Rad8 17. Qb3 Qd6 18. a4 Bd5 19. Bc4 Rc8 20. Bxd5 Qxd5 21.
Qxd5 exd5 22. Rb2 Rf7 23. Rab1 1/2-1/2

[Event "Open Olomouc 2009"]
[Site "Olomouc (CZE)"]
[Date "2009.08.08"]
[Round "3.12"]
[White "Oresky, Jan"]
[Black "Kutynec, Vladimir"]
[Result "1/2-1/2"]
[WhiteElo "2150"]
[BlackElo "2241"]
[PlyCount "87"]
[EventDate "2009.08.06"]

1. e4 c5 2. Nf3 Nc6 3. d4 cxd4 4. Nxd4 g6 5. Nc3 Bg7 6. Be3 Nf6 7. Bc4 O-O 8.
Bb3 a5 9. O-O a4 10. Nxa4 Nxe4 11. Nb5 Ra6 12. c4 Na5 13. Qe2 Nd6 14. Nac3 Nxb3
15. axb3 Nxb5 16. Nxb5 d6 17. Nc3 Be6 18. Rxa6 bxa6 19. Ra1 Qb8 20. Ra3 Qb7 21.
Qd2 Rd8 22. Bd4 f6 23. Na4 Bd7 24. Nb6 Bc6 25. f3 f5 26. Bxg7 Kxg7 27. Na4 Bxa4
28. bxa4 Qb6+ 29. Kf1 Rb8 30. Re3 Kf6 31. b3 Qb4 32. Qd4+ Kf7 33. Qh4 e5 34.
Qxh7+ Kf6 35. Qh4+ Kf7 36. Qe1 Qxe1+ 37. Kxe1 Rh8 38. h3 a5 39. Kd2 f4 40. Rd3
Ke6 41. Rd5 Rh5 42. Kc3 Rg5 43. Rd2 e4 44. fxe4 1/2-1/2

[Event "Open Olomouc 2009"]
[Site "Olomouc (CZE)"]
[Date "2009.08.08"]
[Round "3.13"]
[White "Zwardon, Vojtech"]
[Black "Miturova, Magdalena"]
[Result "1-0"]
[WhiteElo "2231"]
[BlackElo "1971"]
[PlyCount "51"]
[EventDate "2009.08.06"]

1. e4 e5 2. Nf3 Nc6 3. Bc4 Nf6 4. Ng5 d5 5. exd5 Na5 6. Bb5+ c6 7. dxc6 bxc6 8.
Bd3 Nd5 9. Nf3 Bd6 10. O-O O-O 11. Re1 Qc7 12. c4 Nf4 13. Bf1 f5 14. b4 e4 15.
c5 Be7 16. d4 Nd5 17. bxa5 exf3 18. Qxf3 Bf6 19. Bc4 Rd8 20. Nc3 Qd7 21. Be3
Kh8 22. Nxd5 cxd5 23. Rab1 Bb7 24. Bb5 Qc8 25. c6 Bxc6 26. Rbc1 1-0

[Event "Open Olomouc 2009"]
[Site "Olomouc (CZE)"]
[Date "2009.08.08"]
[Round "3.14"]
[White "Zdrazil, Tomas"]
[Black "Furman, Boris"]
[Result "0-1"]
[WhiteElo "2070"]
[BlackElo "2224"]
[PlyCount "81"]
[EventDate "2009.08.06"]

1. e4 c5 2. Nf3 Nc6 3. d4 cxd4 4. Nxd4 Nf6 5. Nc3 d6 6. Bg5 e6 7. Qd2 Be7 8.
Be2 O-O 9. O-O h6 10. Be3 e5 11. Nb3 a5 12. a4 Nb4 13. Rfd1 Be6 14. Bf3 Rc8 15.
Rac1 Rc4 16. Qe1 Rc6 17. Nc5 Bc8 18. Nb5 Qe8 19. c3 dxc5 20. cxb4 axb4 21. Na7
Ra6 22. Rxc5 Rxa7 23. Rxc8 Qxc8 24. Bxa7 Qc2 25. Rc1 Qxb2 26. Rc7 Bd6 27. Rxb7
Rc8 28. Be3 Rc3 29. g3 Ra3 30. Kg2 Ra1 31. Qd2 Qb1 32. Be2 Qxe4+ 33. Bf3 Qb1
34. Kh3 Qf1+ 35. Kh4 Qc4+ 36. Kh3 Qe6+ 37. Kg2 Ra2 38. Qd1 e4 39. Bh5 g6 40.
Rb6 Nd5 41. Rxd6 0-1

[Event "Open Olomouc 2009"]
[Site "Olomouc (CZE)"]
[Date "2009.08.08"]
[Round "3.15"]
[White "Chernyshov, Konstantin"]
[Black "Mojzis, Jan"]
[Result "1-0"]
[WhiteElo "2555"]
[BlackElo "2122"]
[PlyCount "101"]
[EventDate "2009.08.06"]

1. d4 d5 2. Bg5 c6 3. e3 Qb6 4. b3 Bf5 5. Bd3 Bxd3 6. Qxd3 Nd7 7. Nf3 Ngf6 8.
Nbd2 e6 9. O-O Bd6 10. c4 Qa6 11. Bxf6 Nxf6 12. e4 dxe4 13. Nxe4 Be7 14. a4 O-O
15. Rad1 Rad8 16. Nc3 Bb4 17. Na2 Qa5 18. Qc2 c5 19. dxc5 Bxc5 20. Nc1 Qc7 21.
Nd3 a5 22. h3 h6 23. Rfe1 b6 24. Kf1 Rfe8 25. Qe2 Rd6 26. Nxc5 bxc5 27. Rxd6
Qxd6 28. Rd1 Qb6 29. Rd3 Rd8 30. Ne5 Kf8 31. g3 Rxd3 32. Qxd3 Ke7 33. h4 h5 34.
Qe3 Ng4 35. Qg5+ Ke8 36. Qxg7 Nxe5 37. Qxe5 Qxb3 38. Qxc5 Qxa4 39. Kg2 Qb4 40.
Qc6+ Kd8 41. g4 a4 42. gxh5 a3 43. h6 Qb2 44. c5 a2 45. Qd6+ Ke8 46. c6 f5 47.
Qxe6+ Kf8 48. Qxf5+ Kg8 49. Qg6+ Kh8 50. c7 a1=Q 51. c8=Q# 1-0

[Event "Open Olomouc 2009"]
[Site "Olomouc (CZE)"]
[Date "2009.08.09"]
[Round "4.1"]
[White "Bigg, Andrew"]
[Black "Zilka, Stepan"]
[Result "0-1"]
[WhiteElo "2289"]
[BlackElo "2466"]
[PlyCount "68"]
[EventDate "2009.08.06"]

1. d4 d5 2. Nf3 Nf6 3. c4 c6 4. Nc3 e6 5. Bg5 h6 6. Bxf6 Qxf6 7. a3 dxc4 8. Ne5
c5 9. e3 cxd4 10. exd4 Nd7 11. Qa4 Qd8 12. Bxc4 Bd6 13. Bb5 a6 14. O-O Rb8 15.
Bxd7+ Bxd7 16. Qb3 Bxe5 17. dxe5 Bc6 18. Qb4 Qe7 19. Qxe7+ Kxe7 20. Rfd1 g5 21.
Rd3 Rbd8 22. Rad1 Rxd3 23. Rxd3 h5 24. f3 g4 25. f4 f6 26. Kf2 fxe5 27. fxe5 h4
28. Rd4 Rf8+ 29. Ke3 h3 30. Rxg4 hxg2 31. Rg7+ Kd8 32. Ne2 Rf3+ 33. Kd4 Rf1 34.
Kc5 Re1 0-1

[Event "Open Olomouc 2009"]
[Site "Olomouc (CZE)"]
[Date "2009.08.09"]
[Round "4.2"]
[White "Furman, Boris"]
[Black "Pozin, Sergey"]
[Result "0-1"]
[WhiteElo "2224"]
[BlackElo "2421"]
[PlyCount "64"]
[EventDate "2009.08.06"]

1. d4 d6 2. c4 g6 3. Nc3 Bg7 4. Bg5 h6 5. Bh4 c5 6. d5 Qa5 7. Qd2 a6 8. e3 Nf6
9. Bd3 b5 10. cxb5 axb5 11. Bxb5+ Bd7 12. Bxd7+ Nbxd7 13. Nge2 Nb6 14. Bxf6
Bxf6 15. O-O O-O 16. Rfd1 Nc4 17. Qc2 Bg7 18. a4 Qb4 19. Rdb1 Rfb8 20. Ra2 Qb3
21. Qd3 Rb4 22. h3 Bxc3 23. Nxc3 Rbxa4 24. Rxa4 Rxa4 25. Qe2 Rb4 26. Nd1 Ne5
27. f4 Nd3 28. Qf3 Qc2 29. Ra1 Nxb2 30. Ra8+ Kg7 31. Nf2 Nc4 32. h4 Qc1+ 0-1

[Event "Open Olomouc 2009"]
[Site "Olomouc (CZE)"]
[Date "2009.08.09"]
[Round "4.3"]
[White "Rojicek, Vojtech"]
[Black "Ptacnikova, Lenka"]
[Result "1-0"]
[WhiteElo "2405"]
[BlackElo "2258"]
[PlyCount "51"]
[EventDate "2009.08.06"]

1. d4 Nf6 2. c4 e6 3. Nf3 Bb4+ 4. Nbd2 b6 5. a3 Bxd2+ 6. Qxd2 Bb7 7. g3 O-O 8.
Bg2 Be4 9. O-O d6 10. b4 Nbd7 11. Bb2 Qe7 12. Rfd1 Rad8 13. Qc3 c5 14. dxc5
bxc5 15. b5 Nb6 16. a4 d5 17. Ne5 d4 18. Qb3 Bxg2 19. Kxg2 Qb7+ 20. Nc6 Rc8 21.
a5 Nbd7 22. Qf3 Kh8 23. Nxd4 Ne4 24. a6 Qa8 25. Nc6 Ndf6 26. h4 1-0

[Event "Open Olomouc 2009"]
[Site "Olomouc (CZE)"]
[Date "2009.08.09"]
[Round "4.4"]
[White "Nguyen, Piotr"]
[Black "Zwardon, Vojtech"]
[Result "1-0"]
[WhiteElo "2368"]
[BlackElo "2231"]
[PlyCount "79"]
[EventDate "2009.08.06"]

1. e4 c5 2. Nf3 Nc6 3. Bb5 g6 4. O-O Bg7 5. c3 e5 6. d4 cxd4 7. cxd4 Nxd4 8.
Nxd4 exd4 9. Na3 Ne7 10. Bf4 O-O 11. Bd6 a6 12. Bc4 b5 13. Bb3 Bb7 14. Re1 Kh8
15. Nc2 d3 16. Qxd3 Bxb2 17. Rad1 Rc8 18. Qh3 Bc6 19. Nd4 Bxd4 20. Rxd4 Kg7 21.
Rd3 a5 22. Qh4 Ng8 23. Bxf8+ Qxf8 24. Rf3 f6 25. Bxg8 Kxg8 26. Rxf6 Qb4 27. f3
Qd4+ 28. Kh1 b4 29. Rf4 Qe5 30. Qf6 Qxf6 31. Rxf6 a4 32. Rb1 Rb8 33. Rd6 b3 34.
axb3 axb3 35. Kg1 Rb4 36. Kf2 Kf7 37. Ke3 Rb7 38. Kd2 Ra7 39. Kc3 Ra2 40. Rd2
1-0

[Event "Open Olomouc 2009"]
[Site "Olomouc (CZE)"]
[Date "2009.08.09"]
[Round "4.5"]
[White "Jasny, Stanislav"]
[Black "Ter-Karapetian, Alex"]
[Result "1-0"]
[WhiteElo "2364"]
[BlackElo "2191"]
[PlyCount "69"]
[EventDate "2009.08.06"]

1. e4 c5 2. Nf3 e6 3. d4 cxd4 4. Nxd4 Nf6 5. Nc3 d6 6. Be3 a6 7. Be2 Be7 8. f4
Qc7 9. g4 d5 10. e5 Ne4 11. Nxe4 dxe4 12. g5 O-O 13. Qd2 b5 14. O-O-O Nd7 15.
h4 Nb6 16. h5 Nd5 17. g6 Bb4 18. c3 Ba5 19. h6 fxg6 20. hxg7 Re8 21. Bg4 Qc4
22. Qh2 h5 23. Kb1 Kf7 24. Bxh5 Rg8 25. Bxg6+ Ke7 26. Qh4+ Kd7 27. Bf7 Rxg7 28.
Bxe6+ Kc7 29. Bxd5 Qxd5 30. Nb3 Qg8 31. Nxa5 Be6 32. Rd6 Bxa2+ 33. Kc1 Rc8 34.
Qf6 Bd5 35. Rxd5 1-0

[Event "Open Olomouc 2009"]
[Site "Olomouc (CZE)"]
[Date "2009.08.09"]
[Round "4.6"]
[White "Kutynec, Vladimir"]
[Black "Chernyshov, Konstantin"]
[Result "0-1"]
[WhiteElo "2241"]
[BlackElo "2555"]
[PlyCount "56"]
[EventDate "2009.08.06"]

1. Nf3 Nf6 2. c4 b6 3. g3 Bb7 4. Bg2 e6 5. O-O Be7 6. Nc3 O-O 7. d4 Na6 8. b3
Ne4 9. Bb2 Nxc3 10. Bxc3 Be4 11. d5 Bf6 12. Rc1 c5 13. Ne5 Bxg2 14. Kxg2 Bxe5
15. Bxe5 Re8 16. dxe6 Rxe6 17. f4 Nb4 18. Rf3 Qe7 19. a3 Nc6 20. Qd5 Re8 21.
Rd1 Nxe5 22. fxe5 Rxe5 23. Qxd7 Rxe2+ 24. Kh3 g6 25. a4 Qf8 26. Rf4 g5 27. Rf6
Qg7 28. Rdf1 g4+ 0-1

[Event "Open Olomouc 2009"]
[Site "Olomouc (CZE)"]
[Date "2009.08.09"]
[Round "4.7"]
[White "Kasparov, Sergey"]
[Black "Faerman, Igor"]
[Result "1-0"]
[WhiteElo "2487"]
[BlackElo "2249"]
[PlyCount "115"]
[EventDate "2009.08.06"]

1. Nf3 Nf6 2. d4 e6 3. c4 Nc6 4. Nc3 Bb4 5. Bd2 d6 6. d5 Bxc3 7. Bxc3 Nb8 8.
dxe6 fxe6 9. Qc2 O-O 10. e3 Qe7 11. Be2 e5 12. O-O b6 13. Nd2 Bb7 14. f3 Nbd7
15. b4 a5 16. a3 axb4 17. axb4 Rxa1 18. Rxa1 Ra8 19. Rxa8+ Bxa8 20. Qa2 Qf8 21.
e4 Kh8 22. Nf1 Bb7 23. Ne3 Qa8 24. Qxa8+ Bxa8 25. Bd1 Kg8 26. Ba4 Bb7 27. Be1
Kf7 28. Nd5 Nxd5 29. cxd5 Nf6 30. Bb5 Bc8 31. Bh4 h6 32. Kf1 g5 33. Bf2 Bd7 34.
Bc4 Kg6 35. Ke2 Nh5 36. Kd2 Nf4 37. Bf1 Kf6 38. Kc3 b5 39. h4 c6 40. g3 Ng6 41.
hxg5+ hxg5 42. dxc6 Bxc6 43. Bb6 Ne7 44. Kd3 d5 45. exd5 Nxd5 46. Bc5 Ne7 47.
Ke3 Nf5+ 48. Kf2 Nd4 49. Bxd4 exd4 50. f4 gxf4 51. gxf4 Kf5 52. Kg3 Kf6 53. Bd3
Bd7 54. Kf3 Bc6+ 55. Be4 Be8 56. Ke2 Bh5+ 57. Kd3 Be8 58. Kxd4 1-0

[Event "Open Olomouc 2009"]
[Site "Olomouc (CZE)"]
[Date "2009.08.09"]
[Round "4.12"]
[White "Svancara, Petr"]
[Black "Neumeier, Lars"]
[Result "1/2-1/2"]
[WhiteElo "2164"]
[BlackElo "2277"]
[PlyCount "57"]
[EventDate "2009.08.06"]

1. c4 Nf6 2. Nc3 c5 3. e4 Nc6 4. g3 g6 5. Bg2 Bg7 6. Nge2 d6 7. O-O O-O 8. d3
Rb8 9. h3 Ne8 10. f4 f5 11. Rb1 Nc7 12. Nd5 e6 13. Nxc7 Qxc7 14. Be3 b5 15.
exf5 gxf5 16. cxb5 Rxb5 17. d4 Nxd4 18. Nxd4 cxd4 19. Bxd4 e5 20. a4 Rb8 21.
Rc1 Qa5 22. fxe5 Bxe5 23. Bxe5 Qxe5 24. Re1 Qxg3 25. Qd5+ Kh8 26. Re7 Bb7 27.
Qd4+ Kg8 28. Qc4+ Kh8 29. Qd4+ 1/2-1/2

[Event "Open Olomouc 2009"]
[Site "Olomouc (CZE)"]
[Date "2009.08.09"]
[Round "4.13"]
[White "Cagasik, Tomas"]
[Black "Oresky, Jan"]
[Result "1/2-1/2"]
[WhiteElo "2259"]
[BlackElo "2150"]
[PlyCount "155"]
[EventDate "2009.08.06"]

1. e4 c5 2. Na3 Nc6 3. c3 Nf6 4. Qa4 d6 5. d4 cxd4 6. cxd4 Nxe4 7. d5 Nc5 8.
Qd1 Ne5 9. b4 Ne4 10. Be3 Bd7 11. Rc1 f5 12. Nb5 Bxb5 13. Bxb5+ Kf7 14. Ne2 a6
15. Bd3 Rc8 16. f3 Rxc1 17. Bxc1 Nxd3+ 18. Qxd3 Nf6 19. Qxf5 Qd7 20. Qxd7 Nxd7
21. Bb2 Nb6 22. Nf4 Rg8 23. Bd4 g5 24. Bxb6 gxf4 25. Kf2 Rg5 26. Rd1 Rh5 27.
Rd4 Bh6 28. a4 Rxh2 29. Rc4 Rh1 30. Rc7 Rb1 31. b5 axb5 32. a5 Rb2+ 33. Kf1 Ra2
34. Rxb7 b4 35. Bd8 Ke8 36. Bxe7 Rxa5 37. Bxd6 Rxd5 38. Re7+ Kd8 39. Bxb4 Rd7
40. Re5 Rg7 41. Bd2 Rg5 42. Re4 Rf5 43. Ra4 Rf6 44. Ra7 Bg5 45. Rxh7 Ke8 46.
Bb4 Rb6 47. Bc3 Rb1+ 48. Ke2 Rg1 49. Kf2 Rc1 50. Bd2 Rd1 51. Bb4 Rb1 52. Rh5
Rxb4 53. Rxg5 Ke7 54. Kg1 Kf6 55. Rh5 Kg6 56. Rh8 Kf5 57. Kh2 Kg5 58. Rg8+ Kf5
59. Ra8 Rb5 60. Kh3 Kg5 61. Rg8+ Kf5 62. Kh4 Rb2 63. Kh5 Ra2 64. Kh4 Rb2 65.
Kh3 Rb4 66. Ra8 Rb5 67. Kh4 Rb2 68. Ra5+ Kf6 69. Kg4 Rxg2+ 70. Kxf4 Rb2 71.
Ra6+ Kf7 72. Kg4 Rb5 73. f4 Rc5 74. Kh4 Rb5 75. Kg3 Rb3+ 76. Kg4 Rb5 77. Kf3
Rc5 78. Ra7+ 1/2-1/2

[Event "Open Olomouc 2009"]
[Site "Olomouc (CZE)"]
[Date "2009.08.09"]
[Round "4.14"]
[White "Nemcova, Katerina"]
[Black "Andraschko, Felix"]
[Result "1-0"]
[WhiteElo "2251"]
[BlackElo "2078"]
[PlyCount "77"]
[EventDate "2009.08.06"]

1. e4 e5 2. Nf3 Nc6 3. Bb5 a6 4. Ba4 Nf6 5. O-O Be7 6. Re1 b5 7. Bb3 O-O 8. h3
Bb7 9. c3 d5 10. d3 dxe4 11. dxe4 Qxd1 12. Bxd1 Rfe8 13. Bc2 Rad8 14. Nbd2 Bf8
15. a4 Nd7 16. b4 Nb6 17. a5 Nd7 18. Nb3 Ne7 19. Be3 Ng6 20. Rad1 Nf6 21. Rxd8
Rxd8 22. Bc5 Nd7 23. Rd1 Bxc5 24. Nxc5 Bc8 25. Bb3 Kf8 26. Ng5 Nh8 27. Rd5 h6
28. Nf3 Ng6 29. Nxd7+ Rxd7 30. Nxe5 Rxd5 31. Nxg6+ fxg6 32. Bxd5 Ke7 33. e5 g5
34. Kf1 c6 35. Bxc6 Ke6 36. Ke2 Kxe5 37. Ke3 Kd6 38. Be4 Ke5 39. g4 1-0

[Event "Open Olomouc 2009"]
[Site "Olomouc (CZE)"]
[Date "2009.08.09"]
[Round "4.15"]
[White "Tikkanen, Hans"]
[Black "Ter-Karapetian, Armen"]
[Result "1-0"]
[WhiteElo "2434"]
[BlackElo "2108"]
[PlyCount "67"]
[EventDate "2009.08.06"]

1. d4 d5 2. c4 c6 3. Nf3 Nf6 4. e3 e6 5. b3 Nbd7 6. Bd3 Bd6 7. Bb2 O-O 8. Nbd2
Qe7 9. Ne5 dxc4 10. Nexc4 Bb4 11. a3 Bxd2+ 12. Qxd2 c5 13. O-O b6 14. a4 Bb7
15. a5 b5 16. a6 Bd5 17. Na5 Rab8 18. Qe2 cxd4 19. Bxd4 Qb4 20. Rfc1 Rfc8 21.
Rxc8+ Rxc8 22. Qe1 Qxe1+ 23. Rxe1 e5 24. Bxa7 Ra8 25. Rc1 Rxa7 26. Rc8+ Nf8 27.
Bxb5 g6 28. b4 Kg7 29. Bf1 N8d7 30. Nc6 Bxc6 31. Rxc6 Nd5 32. b5 Kf8 33. g4 Rc7
34. e4 1-0

[Event "Open Olomouc 2009"]
[Site "Olomouc (CZE)"]
[Date "2009.08.09"]
[Round "5.1"]
[White "Zilka, Stepan"]
[Black "Rojicek, Vojtech"]
[Result "1-0"]
[WhiteElo "2466"]
[BlackElo "2405"]
[PlyCount "53"]
[EventDate "2009.08.06"]

1. d4 Nf6 2. c4 e6 3. Nf3 Bb4+ 4. Nbd2 b6 5. a3 Bxd2+ 6. Bxd2 Bb7 7. Bg5 h6 8.
Bh4 d6 9. e3 Qe7 10. Qc2 Nbd7 11. Bd3 e5 12. Be2 g5 13. Bg3 h5 14. c5 Be4 15.
cxd6 cxd6 16. Qa4 Bxf3 17. Bxf3 e4 18. Be2 h4 19. Qc6 Rd8 20. Bxd6 Qe6 21. Rc1
Rh6 22. Bc7 Qxc6 23. Rxc6 Rc8 24. Ba6 Nb8 25. Rxf6 Rxf6 26. Bxc8 Rc6 27. Kd2
1-0

[Event "Open Olomouc 2009"]
[Site "Olomouc (CZE)"]
[Date "2009.08.09"]
[Round "5.2"]
[White "Pozin, Sergey"]
[Black "Nguyen, Piotr"]
[Result "1/2-1/2"]
[WhiteElo "2421"]
[BlackElo "2368"]
[PlyCount "82"]
[EventDate "2009.08.06"]

1. Nf3 c5 2. c4 g6 3. d4 cxd4 4. Nxd4 Bg7 5. e4 Nc6 6. Be3 Nf6 7. Nc3 Ng4 8.
Qxg4 Nxd4 9. Qd1 e5 10. Bd3 O-O 11. O-O d6 12. Rc1 Be6 13. b3 a6 14. Qd2 Qa5
15. Ne2 Qxd2 16. Bxd2 Nxe2+ 17. Bxe2 f5 18. Bf3 f4 19. Bb4 Rfd8 20. Rfd1 Bf8
21. Rc2 a5 22. Bc3 b6 23. g3 g5 24. gxf4 gxf4 25. Kf1 Kf7 26. Ke2 Be7 27. h3
Rg8 28. Rh1 Kf6 29. Bg4 Bf7 30. Rd2 Rad8 31. Rhd1 h5 32. Bf3 Rd7 33. Rd5 Bxd5
34. Rxd5 Ra7 35. Bxh5 Rg1 36. a4 Rb1 37. Rb5 Bd8 38. Bg4 Rg7 39. f3 Rh7 40. Be1
Kf7 41. Bf2 Rb2+ 1/2-1/2

[Event "Open Olomouc 2009"]
[Site "Olomouc (CZE)"]
[Date "2009.08.09"]
[Round "5.4"]
[White "Strebkovs, Andrejs"]
[Black "Kasparov, Sergey"]
[Result "1/2-1/2"]
[WhiteElo "2371"]
[BlackElo "2487"]
[PlyCount "37"]
[EventDate "2009.08.06"]

1. Nf3 Nf6 2. g3 b6 3. Bg2 Bb7 4. O-O e6 5. c4 c5 6. b3 Be7 7. Bb2 d6 8. e3
Nbd7 9. Nc3 O-O 10. d4 Ne4 11. Qc2 Nxc3 12. Bxc3 Qc7 13. Rfd1 cxd4 14. Nxd4
Bxg2 15. Kxg2 Qb7+ 16. Kg1 a6 17. Qe2 Nf6 18. Rac1 Rac8 19. Qf3 1/2-1/2

[Event "Open Olomouc 2009"]
[Site "Olomouc (CZE)"]
[Date "2009.08.09"]
[Round "5.5"]
[White "Tikkanen, Hans"]
[Black "Nemcova, Katerina"]
[Result "1/2-1/2"]
[WhiteElo "2434"]
[BlackElo "2251"]
[PlyCount "66"]
[EventDate "2009.08.06"]

1. d4 d5 2. c4 c6 3. Nf3 Nf6 4. e3 e6 5. b3 Bb4+ 6. Nbd2 Ne4 7. Bd3 f5 8. O-O
Nd7 9. Bb2 O-O 10. a3 Be7 11. Qe2 Qe8 12. Ne5 Nxe5 13. dxe5 Nxd2 14. Qxd2 b6
15. b4 Bb7 16. a4 Qg6 17. c5 bxc5 18. bxc5 Bxc5 19. Rac1 Be7 20. Bd4 c5 21.
Bxc5 Bxc5 22. Rxc5 Rfc8 23. Qb4 Rxc5 24. Qxc5 d4 25. f3 dxe3 26. Qxe3 Bd5 27.
Rc1 Qf7 28. Qc5 a5 29. Qb6 Qe7 30. Qc5 Qg5 31. Kh1 Qf4 32. Bb1 Qb4 33. Bxf5 Qf4
1/2-1/2

[Event "Open Olomouc 2009"]
[Site "Olomouc (CZE)"]
[Date "2009.08.09"]
[Round "5.6"]
[White "Plischki, Sebastian"]
[Black "Kratochvil, Josef"]
[Result "1/2-1/2"]
[WhiteElo "2368"]
[BlackElo "2179"]
[PlyCount "96"]
[EventDate "2009.08.06"]

1. d4 Nf6 2. c4 c5 3. d5 e6 4. Nc3 exd5 5. cxd5 d6 6. Nf3 g6 7. Qa4+ Nbd7 8.
Bf4 a6 9. e4 Rb8 10. Bd3 Qe7 11. O-O b5 12. Qc2 Bg7 13. e5 dxe5 14. Nxe5 Nxe5
15. Bxe5 Ra8 16. Bxf6 Qxf6 17. Rfe1+ Kf8 18. Nxb5 Qb6 19. Nc3 Bd7 20. Re2 Bd4
21. Rae1 Kg7 22. b3 Rhe8 23. Rxe8 Rxe8 24. Rxe8 Bxe8 25. Ne4 Bd7 26. h3 Bf5 27.
g4 Bxe4 28. Bxe4 Qf6 29. Kg2 Qf4 30. Qe2 a5 31. Qf3 Qxf3+ 32. Kxf3 Kf6 33. Ke2
Ke5 34. Bg2 g5 35. f4+ gxf4 36. Kd3 h6 37. Kc4 Kd6 38. Kb5 Bc3 39. Kb6 Be1 40.
a4 Bc3 41. h4 Be1 42. g5 hxg5 43. hxg5 Bd2 44. Bf3 Be1 45. Kb5 Bd2 46. Kc4 Be1
47. Bg2 Bh4 48. Kb5 Be1 1/2-1/2

[Event "Open Olomouc 2009"]
[Site "Olomouc (CZE)"]
[Date "2009.08.09"]
[Round "5.7"]
[White "Dauth, Benjamin"]
[Black "Strekalovski, Viktor"]
[Result "0-1"]
[WhiteElo "2318"]
[BlackElo "2147"]
[PlyCount "144"]
[EventDate "2009.08.06"]

1. e4 c6 2. d4 d5 3. exd5 cxd5 4. Bd3 Nc6 5. c3 g6 6. Ne2 Bg7 7. Ng3 h5 8. h3
h4 9. Nf1 e5 10. dxe5 Nxe5 11. Bb5+ Kf8 12. Ne3 Ne7 13. O-O a6 14. Be2 N5c6 15.
Bf3 Be6 16. Nd2 Be5 17. Nb3 Qd6 18. Re1 Kg7 19. Nc2 Nf5 20. Be3 Nxe3 21. Rxe3
Bf4 22. Rd3 Ne5 23. Rd4 Nc6 24. Rd3 Ne5 25. Rd4 Nc6 26. Ra4 b5 27. Ra3 Rhe8 28.
Nbd4 Nxd4 29. Nxd4 Bd7 30. Ne2 Bh2+ 31. Kh1 Bc6 32. Qd4+ Be5 33. Qxh4 Rh8 34.
Qb4 Qxb4 35. cxb4 Bxb2 36. Rc1 Bxa3 37. Rxc6 Bxb4 38. Bxd5 Ra7 39. Bb3 Rd8 40.
f4 Rd2 41. Ng1 a5 42. Nf3 Rd6 43. Rc8 a4 44. Bc2 Bd2 45. f5 Bf4 46. fxg6 fxg6
47. Kg1 Bg3 48. Kf1 Re7 49. Rc5 Rd2 50. Rc6 Rd6 51. Rc5 Rb6 52. Rg5 Rc6 53.
Rxg3 Rxc2 54. Nd4 Rxa2 55. Nf5+ Kf6 56. Nxe7 Kxe7 57. Ke1 b4 58. Kd1 b3 59. Kc1
g5 60. Kb1 Re2 61. Ka1 Kf6 62. Kb1 Kf5 63. Ka1 Kf4 64. Rg4+ Ke3 65. Rxg5 Kd3
66. Rd5+ Kc3 67. Rd1 Rxg2 68. Rh1 a3 69. h4 a2 70. h5 Kb4 71. h6 Ka3 72. h7 b2#
0-1

[Event "Open Olomouc 2009"]
[Site "Olomouc (CZE)"]
[Date "2009.08.09"]
[Round "5.8"]
[White "Shishkin, Vladimir"]
[Black "Bigg, Andrew"]
[Result "0-1"]
[WhiteElo "2186"]
[BlackElo "2289"]
[PlyCount "172"]
[EventDate "2009.08.06"]

1. e4 e6 2. d4 d5 3. Nc3 Bb4 4. e5 Ne7 5. a3 Bxc3+ 6. bxc3 c5 7. Nf3 Bd7 8. h4
h6 9. h5 Qa5 10. Bd2 Nbc6 11. Rb1 Qc7 12. Bf4 cxd4 13. cxd4 Na5 14. Bd3 Nc4 15.
Rb3 Ba4 16. Rb4 b5 17. O-O a5 18. Rxa4 bxa4 19. c3 Nb2 20. Bb5+ Kd8 21. Qc2 Nc4
22. Qxa4 Rb8 23. Rb1 Nc8 24. Nd2 Na7 25. Bxc4 Rxb1+ 26. Nxb1 Qxc4 27. Qxa5+ Qc7
28. Qa6 Nc8 29. Qd3 f5 30. Nd2 Nb6 31. Qg3 Re8 32. Nb3 Na4 33. Nc5 Nxc5 34.
dxc5 Re7 35. Be3 Qa5 36. c6 Kc7 37. c4 Kxc6 38. Qh4 Kd7 39. cxd5 Qxd5 40. Qa4+
Qc6 41. Qa7+ Ke8 42. Qc5 Qa4 43. Qd6 Qd7 44. Bc5 Qxd6 45. Bxd6 Rb7 46. f3 Kf7
47. Kf2 f4 48. Bb4 Rb5 49. Bd6 Rb2+ 50. Kg1 g6 51. hxg6+ Kxg6 52. Kh2 Kf5 53.
Kg1 Ra2 54. Kh2 Ra1 55. Bf8 h5 56. Bd6 h4 57. Be7 Kxe5 58. Bxh4 Rxa3 59. Bd8
Kf5 60. Bc7 e5 61. Bd6 Ra6 62. Bc7 Rh6+ 63. Kg1 Rh7 64. Bd6 Ke6 65. Bb4 Kd5 66.
Bc3 Rh5 67. Ba5 Kc4 68. Bc7 Kd3 69. Kf2 Kd4 70. Bb6+ Kd5 71. Ba5 Rh7 72. Bb6 e4
73. fxe4+ Kxe4 74. Bc5 Rc7 75. Bd6 Rc2+ 76. Kg1 Kf5 77. Bb4 Kg4 78. Ba5 Kf5 79.
Bb4 Ke4 80. Bd6 Ke3 81. Bb8 Rc8 82. Be5 Rg8 83. Kh1 Rg4 84. Bc7 Kf2 85. Bb6+
Kf1 86. Bd8 Rxg2 0-1

[Event "Open Olomouc 2009"]
[Site "Olomouc (CZE)"]
[Date "2009.08.09"]
[Round "5.9"]
[White "Schulz, Joern"]
[Black "Svancara, Petr"]
[Result "1/2-1/2"]
[WhiteElo "2281"]
[BlackElo "2164"]
[PlyCount "39"]
[EventDate "2009.08.06"]

1. Nf3 Nf6 2. g3 b5 3. Bg2 Bb7 4. O-O e6 5. b3 Be7 6. c4 a6 7. Bb2 O-O 8. d4 d6
9. e3 Nbd7 10. Nbd2 Ra7 11. Qe2 Qa8 12. Rfd1 Rb8 13. a4 bxa4 14. Rxa4 Ne4 15.
Bf1 Ndf6 16. Rda1 c5 17. Nxe4 Nxe4 18. Nd2 Bc6 19. R4a3 Qb7 20. Bc3 1/2-1/2